书目信息 |
| 题名: |
云计算服务保障体系
|
|
| 作者: | 林果园 著 | |
| 分册: | ||
| 出版信息: | 北京 人民邮电出版社 2020.04 |
|
| 页数: | 194页 | |
| 开本: | 24cm | |
| 丛书名: | 学术中国·网络空间安全系列 | |
| 单 册: | ||
| 中图分类: | TP393.027 | |
| 科图分类: | ||
| 主题词: | 云计算--yun ji suan | |
| 电子资源: | ||
| ISBN: | 978-7-115-53014-1 | |
| 000 | 01332nam 2200313 450 | |
| 001 | 202020140032 | |
| 005 | 20200926181352.0 | |
| 010 | @a978-7-115-53014-1@dCNY99.00 | |
| 100 | @a20200918d2020 em y0chiy50 ea | |
| 101 | 0 | @achi |
| 102 | @aCN@b110000 | |
| 105 | @aa a 000yy | |
| 106 | @ar | |
| 200 | 1 | @a云计算服务保障体系@Ayun ji suan fu wu bao zhang ti xi@d= Cloud computing service assurance system@f林果园著@zeng |
| 210 | @a北京@c人民邮电出版社@d2020.04 | |
| 215 | @a194页@c图@d24cm | |
| 225 | 2 | @a学术中国·网络空间安全系列@Axue shu zhong guo · wang luo kong jian an quan xi lie |
| 225 | 2 | @a国之重器出版工程@Aguo zhi zhong qi chu ban gong cheng@i网络强国建设 |
| 314 | @a林果园, 获得计算机软件与理论博士学位。 | |
| 320 | @a有书目 (第187-194页) | |
| 330 | @a本书论述了对云计算服务保障体系进行研究的背景和意义, 并以云服务的安全和服务质量评价为研究重点, 在可信度量、数据隔离、信任链管理与验证、多级访问控制和服务质量建模为研究内容, 全面论述云计算服务的安全及评价体系。 | |
| 410 | 0 | @12001 @a学术中国·网络空间安全系列 |
| 410 | 0 | @12001 @a国之重器出版工程@i网络强国建设 |
| 510 | 1 | @aCloud computing service assurance system@zeng |
| 606 | 0 | @a云计算@Ayun ji suan |
| 690 | @aTP393.027@v5 | |
| 701 | 0 | @a林果园@Alin guo yuan@4著 |
| 801 | 0 | @aCN@c20200515 |
| 905 | @a河南城建学院图书馆@dTP393.027@eL498 | |
| 云计算服务保障体系= Cloud computing service assurance system/林果园著.-北京:人民邮电出版社,2020.04 |
| 194页:图;24cm.-(学术中国·网络空间安全系列).-(国之重器出版工程.网络强国建设) |
| ISBN 978-7-115-53014-1:CNY99.00 |
| 本书论述了对云计算服务保障体系进行研究的背景和意义, 并以云服务的安全和服务质量评价为研究重点, 在可信度量、数据隔离、信任链管理与验证、多级访问控制和服务质量建模为研究内容, 全面论述云计算服务的安全及评价体系。 |
| ● |
| 相关链接 |
|
|
|
正题名:云计算服务保障体系
索取号:TP393.027/L498
 
预约/预借
| 序号 | 登录号 | 条形码 | 馆藏地/架位号 | 状态 | 备注 |
| 1 | 1490219 | 214902195 | 自科库301/301自科库 120排1列6层/ [索取号:TP393.027/L498] | 在馆 | |
| 2 | 1490220 | 214902202 | 自科库301/301自科库 120排1列6层/ [索取号:TP393.027/L498] | 在馆 |